Statistics for The fun quiz

Click here to take the quiz!

General Stats

  • This quiz has been taken 85 times
  • The average score is 3 of 5

Answer Stats

Answer% Correct
Gun
100%
Camera
89%
Map
66%
Library
46%
Star Wars Legos
4%

Score Distribution

Percentile by Number Answered

Percent of People with Each Score

Your Score History

You have not taken this quiz